000 01517cam a2200445 a 4500
001 4014783
003 OSt
005 20140429091613.0
008 970114s1997 nyua b 000 1 eng
010 _a 97005040
020 _a0590308572
020 _a9780590308571
040 _aDLC
_cDLC
_dDLC
042 _alcac
050 0 0 _aPZ 10.3
_b.C466Th 2002
100 1 _aCindy Chapman
_95551
245 1 0 _aThree pigs, one wolf, and their own words /
_cCindy Chapman
246 3 _a4 pigs, 1 wolf, and 7 magic shapes
260 _aNew York :
_bScholastic,
_c2002.
300 _a1 v. (unpaged) :
_bcol. ill. ;
_c23 cm.
440 0 _aHello math reader.
_nLevel 3
_927661
500 _a"Cartwheel books."
500 _a"Geometry"--Cover.
520 _aTells the story of three pigs who acquire some magic shapes, which they use for various purposes, some smart and some not so smart. Includes a section with related activities.
521 0 _aBR
526 _cBR
562 _e2
650 1 _aShape
_vFiction.
_927662
650 1 _aTangrams
_vFiction.
_927663
650 1 _aPigs
_vFiction.
_927664
650 1 _aCharacters in literature
_vFiction.
_927665
700 1 _aNeuhaus, David,
_eill.
_927666
700 1 _aBurns, Marilyn,
_d1941-
_927667
906 _a7
_bcbc
_corignew
_d1
_eocip
_f19
_gy-gencatlg
942 _2lcc
_cBK
999 _c42521
_d42521